Loading...

Linux system administration handbook/

Bibliographic Details
Main Author: Komarinski Mark F
Format: Printed Book
Published: N J P H 1999
Subjects:
LEADER 00484 a2200121 4500
082 |a 004 KOM/L 
100 |q Komarinski Mark F 
245 |a Linux system administration handbook/  |c by Mark F Komarinski and Cary Collett 
260 |a N J  |b P H  |c 1999 
600 |q Collett Cary  |t Linux system administration handbook/ 
942 |2 ddc  |c BK 
999 |c 166548  |d 166548 
952 |0 0  |1 0  |2 ddc  |4 0  |6 004_000000000000000_KOM_L  |7 0  |9 183871  |a PHY  |b PHY  |c ST1  |d 2010-05-05  |i 3628  |l 0  |o 004 KOM/L  |p PHY3628  |r 2010-05-05  |w 2010-05-05  |y BK